banner-ar

التنمية الاقتصادية والاجتماعية فى الوطن العربى وتحقيق الامن الغذائى / (Record no. 38688)

MARC details
000 -الفاتح
حقل البيانات ثابتة الطول 00780nam a2200229Ia 4500
008 - عناصر البيانات ثابتة الطول - معلومات عامة
حقل البيانات ثابتة الطول 140319s9999 xx 000 0 ara d
040 ## - مصدر الفهرسة
وكالة الفهرسة الأصلية GCL /
وكالة النسخ GCL
082 04 - رقم تصنيف ديوى العشرى
رقم التصنيف 301.21
رقم المادة ع ت
100 1# - المدخل الرئيسى - إسم شخصى
الإسم الشخصى عزالدين فراج
245 10 - بيان العنوان
العنوان التنمية الاقتصادية والاجتماعية فى الوطن العربى وتحقيق الامن الغذائى /
بيان المسئوليه,etc عزالدين فراج
300 ## - الوصف المادى
التعداد 238 ص
490 ## - بيان السلسلة
عنوان السلسلة
650 04 - المدخل الاضافى بالموضوع-مصطلح موضوعى
مصطلح موضوعي التكامل الاقتصادى
650 04 - المدخل الاضافى بالموضوع-مصطلح موضوعى
مصطلح موضوعي الزراعة
650 04 - المدخل الاضافى بالموضوع-مصطلح موضوعى
مصطلح موضوعي التنمية الاقتصادية
650 04 - المدخل الاضافى بالموضوع-مصطلح موضوعى
مصطلح موضوعي الصناعات الغذائية
650 04 - المدخل الاضافى بالموضوع-مصطلح موضوعى
مصطلح موضوعي الانتاج الزراعى
650 04 - المدخل الاضافى بالموضوع-مصطلح موضوعى
مصطلح موضوعي الامن الغذائى
650 04 - المدخل الاضافى بالموضوع-مصطلح موضوعى
مصطلح موضوعي الاستيراد والتصدير
942 ## - عناصر المدخل الإضافي( كوها)
مصدر التصنيف او مخطط الترفيف Dewey Decimal Classification
Koha [default] item type كتاب
Holdings
حالة التراجع حالة الفقد حالة تلف ليس للاعارة المكان المؤقت الموقع الحالى تاريخ الاكتساب اجمالي اﻻعارات رقم الطلب الباركود تاريخ اخر مشاهدة تاريخ تفعيل السعر نوع وعاء كوها
        مكتبة القاهرة الكبرى مكتبة القاهرة الكبرى 03/26/2014   301.21\ع ت 94307 03/26/2014 03/26/2014 كتاب
        مكتبة القاهرة الكبرى مكتبة القاهرة الكبرى 03/26/2014   301.21\ع ت 94308 03/26/2014 03/26/2014 كتاب
        مكتبة القاهرة الكبرى مكتبة القاهرة الكبرى 03/26/2014   301.21\ع ت 94309 03/26/2014 03/26/2014 كتاب

Powered By

EGPV